Pomoc v hmotnej núdzi - úprava súm

Definovanie a posudzovanie hmotnej núdze. Úprava súm pomoci v hmotnej núdzi od 1. januára 2022.

Salvato in:
Dettagli Bibliografici
Autore principale: Jaško, Jozef
Natura: Capitolo di libro
Lingua:slovacco
Soggetti:
Tags: Aggiungi Tag
Nessun Tag, puoi essere il primo ad aggiungerne!!

MARC

LEADER 00000naa a2200000 4500
001 0282816
005 20240417075200.0
041 0 |a slo 
044 |a SK 
245 1 0 |a Pomoc v hmotnej núdzi - úprava súm  |c Jozef Jaško 
520 |a Definovanie a posudzovanie hmotnej núdze. Úprava súm pomoci v hmotnej núdzi od 1. januára 2022. 
610 2 0 |a núdza hmotná 
610 2 0 |a dávky sociálne 
610 2 0 |a príspevky sociálne 
610 2 0 |a zákony 
610 2 0 |a legislatíva 
100 1 |a Jaško, Jozef